000 00416nam a22001697a 4500
003 MPLRDC
005 20220104114420.0
008 210129b ||||| |||| 00| 0 eng d
082 _a192.8 GF
100 _a国丰文化出版社编辑部
245 _a萤窗小语
_c
250 _a初版
260 _a
_b国丰文化出版社
_c1987
300 _b
650 _a格言; 箴言; 金言
942 _cBK
_o192.8 GF
999 _c7286
_d7276